|
|
|
|
| LEADER |
00000cam a22000004a 4500 |
| 001 |
musev2_80920 |
| 003 |
MdBmJHUP |
| 005 |
20230905052319.0 |
| 006 |
m o d |
| 007 |
cr||||||||nn|n |
| 008 |
170630s2018 nyu o 00 0 eng d |
| 010 |
|
|
|z 2017021616
|
| 020 |
|
|
|a 9781575065632
|
| 035 |
|
|
|a (OCoLC)1287098803
|
| 040 |
|
|
|a MdBmJHUP
|c MdBmJHUP
|
| 050 |
0 |
4 |
|a PZ7.1.A345
|b Lov 2018
|
| 082 |
0 |
|
|a [Fic]
|2 23
|
| 100 |
1 |
|
|a Ahmed, Samira
|c (Fiction writer),
|e author.
|
| 245 |
1 |
0 |
|a Creation and Destruction :
|b A Reappraisal of the <i>Chaoskampf </i>Theory in the Old Testament /
|c Samira Ahmed.
|
| 264 |
|
1 |
|a New York, NY :
|b Soho Teen,
|c [2018]
|
| 264 |
|
3 |
|a Baltimore, Md. :
|b Project MUSE,
|c 2021
|
| 264 |
|
4 |
|c ©[2018]
|
| 300 |
|
|
|a 1 online resource (232 pages).
|
| 336 |
|
|
|a text
|b txt
|2 rdacontent
|
| 337 |
|
|
|a computer
|b c
|2 rdamedia
|
| 338 |
|
|
|a online resource
|b cr
|2 rdacarrier
|
| 520 |
|
|
|a Maya Aziz, seventeen, is caught between her India-born parents world of college and marrying a suitable Muslim boy and her dream world of film school and dating her classmate, Phil, when a terrorist attack changes her life forever.
|
| 588 |
|
|
|a Description based on print version record.
|
| 650 |
|
1 |
|a Family life
|z Illinois
|z Chicago
|v Fiction.
|
| 650 |
|
1 |
|a Terrorism
|v Fiction.
|
| 650 |
|
1 |
|a Schools
|v Fiction.
|
| 650 |
|
1 |
|a High schools
|v Fiction.
|
| 650 |
|
1 |
|a Dating (Social customs)
|v Fiction.
|
| 650 |
|
1 |
|a East Indian Americans
|v Fiction.
|
| 650 |
|
1 |
|a Muslims
|v Fiction.
|
| 651 |
|
1 |
|a Chicago (Ill.)
|v Fiction.
|
| 655 |
|
7 |
|a Electronic books.
|2 local
|
| 710 |
2 |
|
|a Project Muse.
|e distributor
|
| 830 |
|
0 |
|a Book collections on Project MUSE.
|
| 856 |
4 |
0 |
|z Texto completo
|u https://projectmuse.uam.elogim.com/book/80920/
|
| 945 |
|
|
|a Project MUSE - Custom Collection
|